BIBLIOTHÈQUE DE LA MAISON DU MEXIQUE

Logo 1 Logo 2

La resistencia (notice nᵒ 11909)

détails MARC
000 -Sello discográfico
campo de control de longitud fija 00882nam a2200289 4500
005 - Identificación de versión
campo de control 20251016084453.0
010 ## - Número Estándar Internacional de Libros (ISBN)
Número (ISBN) 968-5647-02-X
035 ## - Otros números de control del sistema
Número de control del sistema 5108
099 ## - fechas locales
Tipo de ítem Koha LIBRO
100 ## - Datos de procesamiento general
Datos de procesamiento general 20120307d2003 m y1spay5003 ba
105 ## - Campo de datos codificados: Material textual, monográfico
Datos codificados de monografía y 001gy
200 1# - Título y mención de responsabilidad
Título propio La resistencia
Designación general del material texto impreso
Primer mención de responsabilidad Julián Herbert
205 ## - Declaración de edición
Declaración de edición 1a ed
210 ## - Publicación, distribución, etc.
Lugar de publicación, distribución, etc. México
Nombre del editor, distribuidor, etc. Filodecaballos Editores : Consejo Nacional para la Cultura y las Artes, Fondo Nacional para la Cultura y las Artes
Fecha de publicación, distribución, etc. 2003
215 ## - Descripción física
Designación de material específico y extensión del ítem 99 p
Dimensiones 21 cm
345 ## - Nota de información de adquisición
Fuente de adquisición/dirección de la suscripción [OBSOLETO] Donación
410 #1 - Series
Título Colección El Fulgor
Nombre de parte o sección Poesía
Número de volumen 2
660 ## - Código de área geográfica
Código MX
700 ## - Nombre personal - Responsabilidad primaria
Elemento de entrada Herbert
Parte del nombre distinta del elemento de entrada Julián
Fechas 1971-
Número Koha 10695
801 #0 - Fuente de origen
País FR
Agencia cm
Reglas de catalogación (convenciones descriptivas) AFNOR
900 ## -
-- 1/829
900 ## -
-- 7100112611\020101
942 ## - ELEMENTOS DE ENTRADA SECUNDARIOS (KOHA)
Tipo de ítem Koha Livre
996 ## -
-- MEX
-- 751145101
-- MMAG
-- 002356
-- 861.4 H536R
-- 20120307LIV
Exemplaires
Estatus retirado Estado de daño Estado de pérdida Fecha de adquisición Biblioteca de origen Biblioteca actual Ubicación en estantería Código de barras Precio de reemplazo Signatura topográfica completa No para préstamo Tipo de ítem Koha Nota pública Nota no pública
      05/08/2025 Casa México Paris Casa México Paris   002356 05/08/2025 861.4 H536R   Livre 20120307LIV 751145101